[Event "Corus C"]
[Site "Wijk aan Zee NED"]
[Date "2008.01.13"]
[Round "2"]
[White "Caruana, F."]
[Black "Van der Werf, M."]
[Result "1-0"]
[WhiteElo "2598"]
[BlackElo "2389"]
[PlyCount "53"]
[EventDate "2008.01.12"]

1. e4 e5 2. Nf3 Nc6 3. Bb5 a6 4. Ba4 Nf6 5. d3 b5 6. Bb3 Be7 7. O-O d6 8. c3
O-O 9. Re1 Na5 10. Bc2 c5 11. Nbd2 Re8 12. Nf1 g6 13. Ng3 Bf8 14. d4 cxd4 15.
cxd4 exd4 16. Nxd4 Bg7 17. b3 d5 18. e5 Ng4 19. f4 Nxh2 20. Ngf5 Bxf5 21. Bxf5
Qh4 22. Bh3 Qg3 23. Kh1 Nc6 24. Nxc6 Nf3 25. Qxf3 Qxe1+ 26. Kh2 Qe4 27. Bd7 1-0

[Event "Corus C"]
[Site "Wijk aan Zee NED"]
[Date "2008.01.13"]
[Round "2"]
[White "Krush, I."]
[Black "Reinderman, D."]
[Result "1/2-1/2"]
[WhiteElo "2473"]
[BlackElo "2533"]
[PlyCount "82"]
[EventDate "2008.01.12"]

1. d4 Nf6 2. c4 g6 3. Nc3 Bg7 4. e4 d6 5. Be2 O-O 6. Bg5 h6 7. Bf4 Nc6 8. Nf3
e5 9. dxe5 Nh5 10. Be3 dxe5 11. Qxd8 Nxd8 12. Nd5 Ne6 13. Ne7+ Kh7 14. O-O-O
Nef4 15. Bf1 Bg4 16. Nd5 Ne6 17. h3 Bxf3 18. gxf3 c6 19. Nb4 Nd4 20. Bxd4 exd4
21. Nd3 Rae8 22. Re1 Be5 23. Be2 f5 24. exf5 Rxf5 25. Bd1 Nf4 26. Kc2 Nxd3 27.
Kxd3 Ref8 28. Re4 Bf6 29. Rg1 h5 30. Rg2 Kg7 31. Rg1 c5 32. Rg2 Be5 33. Rg1
R8f6 34. Rge1 Bd6 35. Rg1 Kf7 36. Kc2 a6 37. Rg2 b5 38. Be2 Kg7 39. cxb5 axb5
40. Bxb5 Rxf3 41. a4 Rxf2+ 1/2-1/2

[Event "Corus C"]
[Site "Wijk aan Zee NED"]
[Date "2008.01.13"]
[Round "2"]
[White "Grivas, E."]
[Black "Ruijgrok, D."]
[Result "1-0"]
[WhiteElo "2509"]
[BlackElo "2329"]
[PlyCount "69"]
[EventDate "2008.01.12"]

1. c4 f5 2. Nc3 Nf6 3. g3 g6 4. Bg2 Bg7 5. e4 fxe4 6. Nxe4 Nxe4 7. Bxe4 c6 8.
Ne2 d5 9. cxd5 cxd5 10. Bg2 Nc6 11. O-O O-O 12. d3 e5 13. Qb3 Be6 14. Qxb7 Qd6
15. Qa6 Qd7 16. Bd2 Rab8 17. Rac1 Rb6 18. Qa3 Bg4 19. f3 Bf5 20. g4 Be6 21. b3
Qb7 22. Rc2 e4 23. dxe4 Nd4 24. Nxd4 Bxd4+ 25. Kh1 dxe4 26. Bh6 Bg7 27. Bxg7
Qxg7 28. h3 Bd5 29. Qc5 Bb7 30. Qc4+ Kh8 31. fxe4 Rxf1+ 32. Qxf1 Qe7 33. Qf4
Rf6 34. Qc7 Qb4 35. Qc3 1-0

[Event "Corus C"]
[Site "Wijk aan Zee NED"]
[Date "2008.01.13"]
[Round "2"]
[White "Van der Wiel, J."]
[Black "Nijboer, F."]
[Result "1-0"]
[WhiteElo "2490"]
[BlackElo "2578"]
[PlyCount "77"]
[EventDate "2008.01.12"]

1. e4 e5 2. Nf3 Nc6 3. Bb5 a6 4. Ba4 Nf6 5. O-O Be7 6. Re1 b5 7. Bb3 d6 8. c3
O-O 9. d4 Bg4 10. Be3 exd4 11. cxd4 Na5 12. Bc2 Nc4 13. Bc1 c5 14. b3 Nb6 15.
Nbd2 Nfd7 16. h3 Bh5 17. Bb2 Rc8 18. a4 bxa4 19. bxa4 cxd4 20. Bxd4 Bf6 21. g4
Bg6 22. a5 Na8 23. Nf1 Nc7 24. Ne3 Ne6 25. Bxf6 Nxf6 26. Nf5 Bxf5 27. exf5 Nf4
28. Qd2 Nxh3+ 29. Kh2 Nxf2 30. g5 N6g4+ 31. Kg2 d5 32. Ra4 Re8 33. Bb3 Rxe1 34.
Qxe1 Qd7 35. Rd4 Qxf5 36. Rxd5 Qf4 37. Rd7 Nd3 38. Rxd3 Qf5 39. Rd5 1-0